[Event "Cup II"]
[Site "Moscow Russia Cup II"]
[Date "1996.??.??"]
[Round "2"]
[White "Vorotnikov, Vladislav V"]
[Black "Grischuk, Alexander"]
[Result "1/2-1/2"]
[WhiteElo "2505"]
[BlackElo "2365"]
[PlyCount "82"]
[EventDate "1996.??.??"]
[Source "www.chesslib.no"]
[SourceDate "2004.05.04"]

1. e4 e5 2. d3 Bc5 3. Nc3 Nc6 4. g3 Nf6 5. Bg2 d6 6. Nf3 Bb6 7. O-O O-O 8. h3 Re8 9. Be3 Be6 10. Ng5 Bd7 11. Bxb6 axb6 12. f4 Nd4 13. Qd2 Bc6 14. Rae1 Qd7 15. Qf2 h6 16. Nf3 Nxf3+ 17. Qxf3 Rad8 18. Re2 d5 19. exd5 Nxd5 20. Nxd5 Bxd5 21. Qxd5 Qxd5 22. Bxd5 Rxd5 23. Rc1 Ra8 24. fxe5 Rxe5 25. Rg2 Rxa2 26. g4 Re3 27. d4 c5 28. Kh2 Rxb2 29. c4 Rc2 30. Ra1 Rcc3 31. Raa2 Rxc4 32. Rab2 cxd4 33. h4 Rcc3 34. Rxb6 Rc5 35. Ra6 Rd5 36. Ra4 d3 37. Ra3 Rf3 38. Rb2 Re3 39. Rb5 Re8 40. Rba5 Rd7 41. Rg5 Rb8 1/2-1/2

[Event "Hania Open"]
[Site "Hania"]
[Date "1991.??.??"]
[Round "5"]
[White "Rogers, Ian"]
[Black "Pandavos, Panayotis"]
[Result "1/2-1/2"]
[WhiteElo "2545"]
[BlackElo "2325"]
[PlyCount "52"]
[EventDate "1991.??.??"]
[Source "www.chesslib.no"]
[SourceDate "2004.05.04"]

1. e4 e5 2. Nc3 Bc5 3. Bc4 Nf6 4. d3 h6 5. f4 exf4 6. Bxf4 d6 7. Nf3 O-O 8. Qd2 Bb4 9. O-O Kh7 10. e5 dxe5 11. Nxe5 Be6 12. Bxe6 fxe6 13. Qe2 Qd4+ 14. Kh1 Bxc3 15. bxc3 Qxc3 16. Bd2 Qd4 17. Rab1 Nbd7 18. Nf3 Qd5 19. c4 Qd6 20. Rxb7 e5 21. Bb4 c5 22. Bc3 Qc6 23. Rfb1 Rae8 24. Rxa7 e4 25. dxe4 Nxe4 26. Qd3 Qg6 1/2-1/2

[Event "Krasnodar"]
[Site "Krasnodar"]
[Date "1991.??.??"]
[Round "?"]
[White "Vorotnikov, Vladislav V"]
[Black "Varavin, Viktor"]
[Result "1-0"]
[WhiteElo "2430"]
[BlackElo "2440"]
[PlyCount "53"]
[EventDate "1991.??.??"]
[Source "ChessBase"]

1. e4 e5 2. d3 d5 3. exd5 Qxd5 4. Nc3 Qe6 5. g3 Nc6 6. Bg2 h5 7. Nf3 h4 8. Nxh4 Bd6 9. Nf3 Nge7 10. Be3 Nf5 11. Qe2 Nxe3 12. Qxe3 Bd7 13. O-O-O O-O-O 14. Rhe1 Qg6 15. Nb5 Kb8 16. Nxe5 Bxe5 17. Bxc6 Bxb2+ 18. Kb1 b6 19. Bxd7 Bf6 20. Bc6 a6 21. d4 Bg5 22. Qc3 axb5 23. f4 Bh6 24. d5 Qd6 25. Rd3 b4 26. Qc4 Ka7 27. Ra3+ 1-0

[Event "Heart of Finland Open 4th"]
[Site "Jyvaskyla FIN"]
[Date "1994.??.??"]
[Round "?"]
[White "Vorotnikov, Vladislav V"]
[Black "Lauk, Ular"]
[Result "1-0"]
[WhiteElo "2465"]
[BlackElo "2395"]
[PlyCount "85"]
[EventDate "1994.07.??"]
[Source "www.chesslib.no"]
[SourceDate "2004.05.04"]

1. e4 e5 2. d3 Bc5 3. Nc3 Nf6 4. g3 c6 5. Qe2 O-O 6. Bg2 Re8 7. Nf3 d5 8. O-O Nbd7 9. Bd2 d4 10. Nd1 Nf8 11. Nh4 a5 12. a4 Bb4 13. Bc1 b5 14. Nf5 bxa4 15. Rxa4 Ba6 16. f4 N6d7 17. Qg4 Ng6 18. h4 Nf6 19. Qf3 exf4 20. Bxf4 Nxf4 21. Qxf4 Bc8 22. e5 Nd5 23. Qxd4 Bxf5 24. Rxf5 g6 25. Rf1 Qe7 26. Qf2 Qxe5 27. c3 Bd6 28. Qxf7+ Kh8 29. Re4 Re7 30. Rxe5 Rxf7 31. Rxf7 Bxe5 32. Kf2 a4 33. d4 Bg7 34. Bxd5 cxd5 35. Rd7 Bh6 36. Rxd5 Bc1 37. Rb5 Rf8+ 38. Kg2 Re8 39. Rb4 Re1 40. Nf2 Re2 41. Rxa4 Bxb2 42. Kf3 Rc2 43. Ne4 1-0

[Event "BKL-Turnier"]
[Site "Leipzig"]
[Date "1979.??.??"]
[Round "10"]
[White "Vorotnikov, Vladislav V"]
[Black "Hennings, Artur"]
[Result "1-0"]
[WhiteElo "2410"]
[BlackElo "2450"]
[PlyCount "107"]
[EventDate "1979.12.03"]
[Source "ChessBase"]

1. e4 e5 2. Nc3 Nc6 3. g3 Bc5 4. Bg2 h5 5. Nf3 h4 6. gxh4 d6 7. h3 Nge7 8. d3 Ng6 9. Bg5 f6 10. Be3 Bxe3 11. fxe3 Nxh4 12. Nxh4 Rxh4 13. d4 Qe7 14. Qd2 Qf7 15. d5 Nd8 16. Qf2 g5 17. O-O-O a6 18. Ne2 Ke7 19. Ng3 Qg6 20. Qf1 Qg8 21. Rd2 c5 22. Rf2 Qg6 23. Qe1 b6 24. b4 Nf7 25. bxc5 dxc5 26. Rhf1 Nd6 27. Rxf6 Qxf6 28. Rxf6 Kxf6 29. Qf2+ Ke7 30. Ne2 Bd7 31. Qg3 Nf7 32. Ng1 Rah8 33. Nf3 Rxh3 34. Bxh3 Rxh3 35. Qg2 g4 36. Nh2 Nh6 37. Nf1 c4 38. Kd2 Nf7 39. Kc3 Nd6 40. a4 Rf3 41. Qh2 Nxe4+ 42. Kxc4 Kd6 43. Nd2 b5+ 44. axb5 axb5+ 45. Kb4 Nxd2 46. Qxd2 g3 47. c4 bxc4 48. Kxc4 Rf2 49. Qb4+ Kc7 50. d6+ Kc8 51. Qc5+ Kd8 52. Qa5+ Ke8 53. Qxe5+ Kf7 54. Qe7+ 1-0

[Event "EUCup final"]
[Site "Lyon"]
[Date "1994.??.??"]
[Round "?"]
[White "Finkel, Alexander"]
[Black "Marciano, David"]
[Result "1-0"]
[WhiteElo "2465"]
[BlackElo "2395"]
[PlyCount "89"]
[EventDate "1994.11.??"]
[Source "ChessBase"]

1. e4 e5 2. Nc3 Nc6 3. g3 Bc5 4. Bg2 a6 5. Nge2 d6 6. h3 Nge7 7. Nd5 O-O 8. O-O Nd4 9. Nxd4 Bxd4 10. c3 Ba7 11. Nxe7+ Qxe7 12. d4 c5 13. d5 c4 14. b3 cxb3 15. axb3 f5 16. exf5 Bxf5 17. Kh2 Qc7 18. Qd2 a5 19. Ra4 Bc5 20. f4 b5 21. Ra2 exf4 22. Rxf4 Bb1 23. Ra1 Rxf4 24. Qxf4 Rf8 25. Qg4 Bf5 26. Qe2 Bb6 27. c4 bxc4 28. bxc4 Bd4 29. Ra3 Be5 30. Bb2 Bxb2 31. Qxb2 Qc5 32. Qc3 Qb4 33. Qa1 Ra8 34. Re3 Rf8 35. Re7 Rf7 36. Re8+ Rf8 37. Rxf8+ Kxf8 38. Qf1 Qb1 39. Qf4 Ke7 40. c5 dxc5 41. Qc7+ Ke8 42. Qxg7 Qd3 43. Qf6 Bd7 44. d6 Qe2 45. Qh8+ 1-0

[Event "Russian Winter Open"]
[Site "Moscow RUS"]
[Date "1991.??.??"]
[Round "?"]
[White "Mishuchkov, Nikolai M"]
[Black "Varavin, Viktor"]
[Result "0-1"]
[WhiteElo "2420"]
[BlackElo "2440"]
[PlyCount "48"]
[EventDate "1991.??.??"]
[Source "www.chesslib.no"]
[SourceDate "2004.05.04"]

1. e4 e5 2. d3 Nf6 3. f4 d5 4. Nf3 exf4 5. e5 Nh5 6. Be2 g5 7. Nxg5 Qxg5 8. Bxh5 Qh4+ 9. Kf1 Nc6 10. Bf3 Be6 11. d4 f6 12. exf6 Qxf6 13. c3 O-O-O 14. b4 Bf5 15. b5 Na5 16. Bxf4 Nc4 17. g3 Bd6 18. Qc1 Bh3+ 19. Kf2 Rhf8 20. Rg1 Rde8 21. a4 Ne3 22. Nd2 Bxf4 23. gxf4 Qxf4 24. Rg3 Ng4+ 0-1

[Event "Mondariz Cerrado-A"]
[Site "?"]
[Date "2002.12.21"]
[Round "7"]
[White "Garcia Castro Pablo"]
[Black "Movsziszian Karen"]
[Result "1/2-1/2"]
[WhiteElo "2330"]
[BlackElo "2528"]
[PlyCount "104"]
[EventDate "2002.??.??"]
[Source "www.chesslib.no"]
[SourceDate "2004.05.04"]

1. g3 g6 2. Bg2 Bg7 3. e4 e5 4. Nc3 d6 5. d3 Nc6 6. Be3 Nge7 7. Qd2 O-O 8. h4 h5 9. Bh6 Nd4 10. Bxg7 Kxg7 11. Nce2 c5 12. c3 Nxe2 13. Nxe2 d5 14. exd5 Nxd5 15. O-O Re8 16. a3 a5 17. Rfe1 Ra6 18. d4 cxd4 19. Nxd4 Nf6 20. Rxe5 Rd6 21. Rxe8 Nxe8 22. b4 axb4 23. axb4 Nc7 24. Qf4 Nd5 25. Bxd5 Rxd5 26. Ra8 Qe8 27. Kh2 Rd8 28. Nf3 f6 29. Qc7+ Kh6 30. Nd4 Qe1 31. Qf4+ Kg7 32. Ne6+ Qxe6 33. Qc7+ Rd7 34. Qxc8 Kh6 35. Qf8+ Rg7 36. Qc5 Kh7 37. Qc8 Qxc8 38. Rxc8 g5 39. b5 Kg6 40. b6 Rd7 41. c4 gxh4 42. gxh4 Kf5 43. Kg3 Ke4 44. c5 Rg7+ 45. Kh3 f5 46. Rc7 Rg1 47. Rxb7 Kf3 48. Kh2 Rg2+ 49. Kh1 Kxf2 50. Ra7 Rg1+ 51. Kh2 Rg2+ 52. Kh3 Rg3+ 1/2-1/2